000 00666nam a22002177a 4500
003 UA-OsUOA
001 120907
007 ta
008 20170227b un ||||| |||| 00| 0 ukr d
100 _aЧернецький Р.
090 _a32
_bЧ-49
942 _cSA
040 _aUA-OsUOA
_bukr
_cUA-OsUOA
_dUA-OsUOA
245 _a"Європарламент - найбільш проукраїнський орган серед європейських інституцій"
300 _aС.10-12
955 _a0
041 _aukr
080 _a32
773 0 _w120906
_tУкраїнський тиждень
_dК.
_d2017
_g7
650 7 _a32 Політика
_2UDC
999 _c407021
_d407021